000 00485cam a2200193ua 4500
001 3474
005 20260515113701.0
008 111116n ii |||gr||||Z||||||asm
040 _cMAIN
082 _a891.4513
100 _aMahanta, Joyshree Goswami,
245 1 1 _aUnwali jua chadar
_cby Joyshree Goswami Mahanta
250 _a1st.
260 _aGuwahati:
_bAbhiruchi Prakash,996.
300 _a80p:
_c23cm.
653 _aAssamese novel
653 _aUnwali jua chadar
942 _cBK
999 _c3315
_d3315